Statystyki dla Polskie seriale lekarskie

Kliknij tutaj aby rozwiązać quiz!

Ogólne statystyki

  • Ten quiz został rozwiązany 1 074 razy
  • Średni wynik to 4 z 12

Statystyki odpowiedzi

KanałOdpowiedź% Poprawnych
TVP2Na dobre i na złe
80%
TVNSzpital
79%
TVP2Na sygnale
73%
TVNLekarze
49%
PolsatDaleko od noszy
34%
PolsatPielęgniarki
34%
TVNDiagnoza
19%
PolsatSzpital dziecięcy
18%
TVP2Echo serca
14%
PolsatSzpital na perypetiach
9%
TVPDoktor Ewa
7%
TVPUkład krążenia
4%

Rozkład punktacji

Percentyl według liczby udzielonych odpowiedzi

Procent ludzi z każdym wynikiem

Twoja historia wyników

Nie rozwiązałeś tego quizu